| 000 | 00658nac a22002051u 4500 | ||
|---|---|---|---|
| 020 | _a8127209856 | ||
| 082 |
_a332.1 _bP3241 |
||
| 090 |
_c1089 _d1089 |
||
| 100 | _aPaul, R. R. | ||
| 245 |
_aModern banking thoery / _cR. R. Paul. |
||
| 250 | _a1st ed. | ||
| 260 |
_aNew Delhi : _bKalyani publishers, _c2004. |
||
| 300 |
_a157 p. : _bDiagrams, _c24 cm. |
||
| 500 | _aIncludes index. | ||
| 650 | _aInternational finance. | ||
| 650 | _aBanks and banking. | ||
| 650 | _aBanking | ||
| 942 |
_cBB _k332.1P3241 |
||
| 999 |
_c1089 _d1089 |
||